[Event "GER-ch Net Amateur Gr-B Final"]
[Site "Playchess.com INT"]
[Date "2020.04.18"]
[Round "4"]
[White "Lu, Trung Cang"]
[Black "Bieler, Janek"]
[Result "1-0"]
[WhiteElo "1962"]
[BlackElo "1743"]
[PlyCount "69"]
[EventDate "2020.04.18"]
[EventType "swiss (blitz)"]
[EventRounds "13"]
[EventCountry "GER"]
[SourceTitle "CBM 195 Extra"]
[Source "ChessBase"]
[SourceDate "2020.05.31"]
[SourceVersion "1"]
[SourceVersionDate "2020.05.31"]
[SourceQuality "1"]

1. e4 c6 2. Nc3 d5 3. Nf3 dxe4 4. Nxe4 Nf6 5. Qe2 e6 6. d4 Be7 7. Bd2 Nbd7 8. 0-0-0 Qc7 9. Kb1 b6 10. c4 Bb7 11. Neg5 Rf8 12. Ne5 Nxe5 13. dxe5 Nd7 14. f4 h6 15. Ne4 0-0-0 16. Ka1 Nc5 17. Nc3 Rd7 18. g3 Rfd8 19. Bg2 Na6 20. Be3 c5 21. Nb5 Qb8 22. Rxd7 Rxd7 23. Bxb7+ Qxb7 24. Rd1 Nb4 25. a3 Nc6 26. Nd6+ Bxd6 27. exd6 Qb8 28. Qh5 Na5 29. f5 Rxd6 30. Rf1 f6 31. fxe6 Rxe6 32. Bf4 Qb7 33. Qg4 Qe4 34. Qxg7 Qxc4 35. Qc7# 1-0

[Event "GER-ch Net Amateur Gr-B Final"]
[Site "Playchess.com INT"]
[Date "2020.04.18"]
[Round "11"]
[White "Riesner, Daniel"]
[Black "Lu, Trung Cang"]
[Result "0-1"]
[WhiteElo "2161"]
[BlackElo "1962"]
[PlyCount "96"]
[EventDate "2020.04.18"]
[EventType "swiss (blitz)"]
[EventRounds "13"]
[EventCountry "GER"]
[SourceTitle "CBM 195 Extra"]
[Source "ChessBase"]
[SourceDate "2020.05.31"]
[SourceVersion "1"]
[SourceVersionDate "2020.05.31"]
[SourceQuality "1"]

1. d4 Nf6 2. c4 g6 3. g3 Bg7 4. Bg2 d5 5. Nc3 dxc4 6. Nf3 c6 7. a4 0-0 8. 0-0 a5 9. Ne5 Ng4 10. Nxc4 Qxd4 11. Qxd4 Bxd4 12. e3 Bg7 13. Nb6 Ra6 14. Nxc8 Rxc8 15. Bh3 f5 16. e4 e6 17. Rd1 Kf7 18. Bf4 Ne5 19. Rd6 Nc4 20. Rdd1 Nxb2 21. Bxb8 Nxd1 22. Rxd1 Rxb8 23. Ne2 Ke7 24. f4 Rd8 25. Rb1 Ra7 26. e5 Rd2 27. Bf1 b5 28. axb5 cxb5 29. Rxb5 a4 30. Nc3 a3 31. Nb1 Rd1 32. Nxa3 Rxa3 33. Rb7+ Kf8 34. Rb8+ Ke7 35. Rb7+ Rd7 36. Rb6 Ra1 37. Rb2 Rdd1 38. Rf2 Kf7 39. Kg2 Rxf1 40. Rxf1 Rxf1 41. Kxf1 g5 42. Kf2 Kg6 43. Kf3 Kh5 44. h3 gxf4 45. Kxf4 Kg6 46. g4 fxg4 47. hxg4 Bh8 48. Ke4 Kg5 0-1

[Event "GER-ch Net Amateur Gr-B Vor3"]
[Site "Playchess.com INT"]
[Date "2020.04.16"]
[Round "2"]
[White "Lu, Trung Cang"]
[Black "Sauer, Tim"]
[Result "1-0"]
[WhiteElo "1843"]
[BlackElo "1675"]
[PlyCount "51"]
[EventDate "2020.04.16"]
[EventType "swiss (blitz)"]
[EventRounds "9"]
[EventCountry "GER"]
[SourceTitle "CBM 195 Extra"]
[Source "ChessBase"]
[SourceDate "2020.05.31"]
[SourceVersion "1"]
[SourceVersionDate "2020.05.31"]
[SourceQuality "1"]

1. e4 c6 2. Nc3 d5 3. Nf3 Bg4 4. h3 Bxf3 5. Qxf3 e6 6. d3 Bd6 7. g3 Nd7 8. Bg2 Ngf6 9. 0-0 0-0 10. Qe2 d4 11. Nd1 e5 12. f4 c5 13. f5 b5 14. g4 c4 15. g5 Ne8 16. Kh1 cxd3 17. cxd3 Rc8 18. h4 Nc5 19. Nf2 f6 20. g6 hxg6 21. fxg6 f5 22. Bg5 Be7 23. Qh5 Nf6 24. Bxf6 Rxf6 25. Qh7+ Kf8 26. Qh8# 1-0

[Event "GER-ch Net Amateur Gr-B Vor3"]
[Site "Playchess.com INT"]
[Date "2020.04.16"]
[Round "7"]
[White "Lu, Trung Cang"]
[Black "Toval, David"]
[Result "1-0"]
[WhiteElo "1867"]
[BlackElo "1804"]
[PlyCount "101"]
[EventDate "2020.04.16"]
[EventType "swiss (blitz)"]
[EventRounds "9"]
[EventCountry "GER"]
[SourceTitle "CBM 195 Extra"]
[Source "ChessBase"]
[SourceDate "2020.05.31"]
[SourceVersion "1"]
[SourceVersionDate "2020.05.31"]
[SourceQuality "1"]

1. e4 c5 2. Nf3 d6 3. d4 cxd4 4. Nxd4 Nf6 5. Nc3 a6 6. a3 e6 7. g4 Be7 8. g5 Nfd7 9. h4 b5 10. Be3 Bb7 11. f4 Nb6 12. h5 N8d7 13. Rh3 Nc4 14. Bxc4 bxc4 15. Qg4 Nc5 16. g6 hxg6 17. hxg6 Rxh3 18. gxf7+ Kxf7 19. Qxh3 Qh8 20. Qf3 Qh2 21. 0-0-0 Rh8 22. f5 e5 23. Qg4 Qh5 24. Qg6+ Qxg6 25. fxg6+ Kxg6 26. Nf5 Nxe4 27. Nxe7+ Kf7 28. Ned5 Bxd5 29. Nxd5 g5 30. Rf1+ Ke6 31. Nc7+ Kd7 32. Nxa6 g4 33. Nb4 g3 34. Rg1 Ke6 35. a4 d5 36. Bb6 d4 37. Kd1 Rh2 38. a5 c3 39. b3 Rd2+ 40. Kc1 Rf2 41. Nd3 Rf3 42. Ne1 Rf2 43. a6 Rf8 44. a7 Kd5 45. Nd3 g2 46. Ne1 Rf1 47. a8Q+ Ke6 48. Qc8+ Kf6 49. Qf8+ Ke6 50. Qxf1 Kd5 51. Qxg2 1-0

[Event "GER-ch Net Amateur Gr-B Vor2"]
[Site "Playchess.com INT"]
[Date "2020.04.15"]
[Round "8"]
[White "Haubold, Sebastian Marcel"]
[Black "Lu, Trung Cang"]
[Result "1-0"]
[WhiteElo "1727"]
[BlackElo "1878"]
[PlyCount "99"]
[EventDate "2020.04.15"]
[EventType "swiss (blitz)"]
[EventRounds "9"]
[EventCountry "GER"]
[SourceTitle "CBM 196 Extra"]
[Source "ChessBase"]
[SourceDate "2020.07.31"]
[SourceVersion "1"]
[SourceVersionDate "2020.07.31"]
[SourceQuality "1"]

1. e4 c6 2. c4 d5 3. cxd5 cxd5 4. exd5 Nf6 5. Qa4+ Bd7 6. Qb3 Na6 7. Nc3 g6 8. Bc4 Bg7 9. Nf3 0-0 10. 0-0 Nc5 11. Qc2 e6 12. d4 exd5 13. Nxd5 Nxd5 14. Bxd5 Be6 15. dxc5 Qxd5 16. Be3 Bf5 17. Qe2 Rfe8 18. Rad1 Qxc5 19. Qd2 Qc6 20. Rc1 Qa6 21. a3 Rad8 22. Qb4 Bf8 23. Qh4 Bg7 24. Bh6 Qf6 25. Bg5 Qxb2 26. Bxd8 Qxa3 27. Bf6 Re4 28. Bxg7 Rxh4 29. Nxh4 Kxg7 30. Nxf5+ gxf5 31. Ra1 Qc5 32. Rfc1 Qb6 33. g3 h5 34. Rcb1 Qc6 35. Rxa7 h4 36. gxh4 f4 37. Raxb7 Qg6+ 38. Kf1 Qd3+ 39. Kg2 f3+ 40. Kg3 Qf5 41. R7b5 Qg6+ 42. Kxf3 Qc6+ 43. Kg3 Qc3+ 44. f3 Qc7+ 45. Kg4 Qd7+ 46. Rf5 Qd4+ 47. Rf4 Qd7+ 48. Kg3 Qd3 49. Rb7 Qg6+ 50. Rg4 1-0

[Event "GER-ch Net Amateur Gr-B Vor1"]
[Site "Playchess.com INT"]
[Date "2020.04.14"]
[Round "7"]
[White "Friemel, Reinhard"]
[Black "Lu, Trung Cang"]
[Result "0-1"]
[WhiteElo "1647"]
[BlackElo "1890"]
[PlyCount "36"]
[EventDate "2020.04.14"]
[EventType "swiss (blitz)"]
[EventRounds "9"]
[EventCountry "GER"]
[SourceTitle "EXT 2021"]
[Source "ChessBase"]
[SourceDate "2020.10.23"]
[SourceVersion "1"]
[SourceVersionDate "2020.10.23"]
[SourceQuality "1"]

1. e4 c6 2. d4 d5 3. Nc3 dxe4 4. Nxe4 Nf6 5. Nxf6+ gxf6 6. c3 Bf5 7. Bd3 Bg6 8. Bf4 e6 9. Ne2 Bd6 10. Bg3 Qc7 11. Qd2 Nd7 12. Bxd6 Qxd6 13. Ng3 0-0-0 14. Bxg6 hxg6 15. 0-0-0 f5 16. Qe3 Nb6 17. f4 Nd5 18. Qe5 Nxf4 0-1

[Event "GER-ch Net Amateur Gr-B Vor1"]
[Site "Playchess.com INT"]
[Date "2020.04.14"]
[Round "9"]
[White "Lu, Trung Cang"]
[Black "Berger, Juergen"]
[Result "1-0"]
[WhiteElo "1904"]
[BlackElo "1801"]
[PlyCount "99"]
[EventDate "2020.04.14"]
[EventType "swiss (blitz)"]
[EventRounds "9"]
[EventCountry "GER"]
[SourceTitle "EXT 2021"]
[Source "ChessBase"]
[SourceDate "2020.10.23"]
[SourceVersion "1"]
[SourceVersionDate "2020.10.23"]
[SourceQuality "1"]

1. e4 e6 2. d4 d5 3. Nd2 dxe4 4. Nxe4 Nd7 5. Bd3 Be7 6. Qe2 Ngf6 7. Nf3 0-0 8. Bg5 c5 9. 0-0-0 cxd4 10. Nxf6+ Bxf6 11. h4 Nc5 12. Bc4 a6 13. Rxd4 Qe7 14. Bxf6 Qxf6 15. Ne5 b5 16. Bd3 Bb7 17. h5 h6 18. Rg4 Nxd3+ 19. Nxd3 Rfd8 20. Rh3 Rd4 21. Rhg3 Rxg4 22. Qxg4 Rd8 23. Qe2 Bd5 24. Qg4 Bc4 25. Rf3 Qg5+ 26. Qxg5 hxg5 27. g4 Bxd3 28. Rxd3 Rxd3 29. cxd3 f5 30. f3 g6 31. hxg6 Kg7 32. Kd2 Kxg6 33. Ke3 Kf6 34. Kd4 e5+ 35. Kd5 a5 36. Kd6 e4 37. dxe4 fxe4 38. fxe4 Kf7 39. e5 Ke8 40. Ke6 b4 41. b3 Kf8 42. Kf6 Ke8 43. Kxg5 Ke7 44. Kf5 Kf7 45. g5 Ke7 46. g6 Kf8 47. Kf6 Kg8 48. e6 Kf8 49. e7+ Ke8 50. g7 1-0

[Event "GER-ch Net Amateur Gr-B Vor1"]
[Site "Playchess.com INT"]
[Date "2020.04.14"]
[Round "1"]
[White "Metzdorf, Matteo"]
[Black "Lu, Trung Cang"]
[Result "1-0"]
[WhiteElo "1620"]
[BlackElo "1926"]
[PlyCount "63"]
[EventDate "2020.04.14"]
[EventType "swiss (blitz)"]
[EventRounds "9"]
[EventCountry "GER"]
[SourceTitle "EXT 2021"]
[Source "ChessBase"]
[SourceDate "2020.10.23"]
[SourceVersion "1"]
[SourceVersionDate "2020.10.23"]
[SourceQuality "1"]

1. e4 c6 2. Nc3 d5 3. Nf3 dxe4 4. Nxe4 Nf6 5. Nxf6+ gxf6 6. d4 Bg4 7. Be2 Qc7 8. h3 Bh5 9. Kf1 e6 10. Kg1 Nd7 11. Be3 Bd6 12. Qd2 0-0-0 13. c4 c5 14. Rd1 f5 15. Ng5 Bg6 16. h4 f4 17. dxc5 Nxc5 18. Bd4 Ne4 19. Nxe4 Bxe4 20. Bxh8 f3 21. Bxf3 Bxf3 22. gxf3 Rg8+ 23. Kf1 Bb4 24. Qd4 Bc5 25. Qe5 Bd6 26. Qc3 Bf4 27. Bg7 Bd6 28. a3 Bc5 29. b4 Bb6 30. c5 Qf4 31. cxb6+ Kb8 32. Qc7+ 1-0

[Event "GER-ch Net blitz qual5"]
[Site "Playchess.com INT"]
[Date "2020.03.28"]
[Round "2"]
[White "Baskin, Robert"]
[Black "Lu, Trung Cang"]
[Result "1-0"]
[WhiteElo "2385"]
[BlackElo "1819"]
[PlyCount "55"]
[EventDate "2020.03.28"]
[EventType "swiss (blitz)"]
[EventRounds "13"]
[EventCountry "GER"]
[SourceTitle "CBM 195 Extra"]
[Source "ChessBase"]
[SourceDate "2020.05.31"]
[SourceVersion "1"]
[SourceVersionDate "2020.05.31"]
[SourceQuality "1"]

1. e4 c6 2. d4 d5 3. e5 c5 4. dxc5 Nc6 5. Nf3 Bg4 6. c3 e6 7. Be3 a6 8. Nbd2 Nxe5 9. Be2 Nc6 10. 0-0 Nf6 11. b4 Be7 12. h3 Bh5 13. Nb3 0-0 14. Nbd4 Ne4 15. Qc2 Bg6 16. Bd3 Nxd4 17. cxd4 Rc8 18. Ne5 Nf6 19. Nxg6 hxg6 20. a4 Nd7 21. Bf4 Bf6 22. Qc3 Re8 23. Rfe1 a5 24. Rac1 axb4 25. Qxb4 b6 26. c6 Nb8 27. c7 Na6 28. Bxa6 1-0

[Event "GER-ch Net blitz qual5"]
[Site "Playchess.com INT"]
[Date "2020.03.28"]
[Round "13"]
[White "Dahl, Christoph"]
[Black "Lu, Trung Cang"]
[Result "1-0"]
[WhiteElo "2228"]
[BlackElo "1819"]
[PlyCount "135"]
[EventDate "2020.03.28"]
[EventType "swiss (blitz)"]
[EventRounds "13"]
[EventCountry "GER"]
[SourceTitle "CBM 195 Extra"]
[Source "ChessBase"]
[SourceDate "2020.05.31"]
[SourceVersion "1"]
[SourceVersionDate "2020.05.31"]
[SourceQuality "1"]

1. e4 c6 2. Nc3 d5 3. Qe2 dxe4 4. Nxe4 Nf6 5. Nxf6+ gxf6 6. Nf3 Bg4 7. h3 Bh5 8. d3 Qc7 9. Bd2 Nd7 10. 0-0-0 e6 11. g4 Bg6 12. Nh4 Bd6 13. Nf5 0-0-0 14. Nxd6+ Qxd6 15. Bg2 Nb6 16. Be3 Nd5 17. Bxd5 Qxd5 18. Kb1 Kb8 19. f4 h5 20. Rhg1 hxg4 21. hxg4 f5 22. Qf2 b6 23. gxf5 Bxf5 24. Rg5 Rdg8 25. Rdg1 Rxg5 26. fxg5 Rh1 27. Qe1 Rxg1 28. Qxg1 Qf3 29. a3 Kb7 30. Bd4 Qd5 31. Bf6 Bg6 32. Qh2 Qf5 33. Qd6 Qd5 34. Qe7+ Ka6 35. Qc7 Qh1+ 36. Ka2 Qd5+ 37. b3 Qg2 38. Kb1 Qh1+ 39. Kb2 c5 40. Qd6 Qb7 41. Be5 Qd5 42. Qb8 Qb7 43. Qd8 Qd5 44. Qf6 Kb7 45. Qf4 Qd7 46. Bc3 Qd5 47. Qf6 Qd7 48. Qf1 Qd5 49. Qf2 Qd7 50. Qg3 Qc7 51. Be5 Qd7 52. Qf4 Qd5 53. Bb8 Qd4+ 54. Qxd4 cxd4 55. Be5 Kc6 56. Bxd4 Kd5 57. Bf6 a5 58. c4+ Kc6 59. Kc3 b5 60. d4 bxc4 61. bxc4 Bb1 62. Kb3 Bd3 63. Ka4 Bxc4 64. Kxa5 Kd5 65. Kb6 Bb3 66. Kb5 Bc4+ 67. Kb6 Bb3 68. Kc7 1-0

[Event "GER-ch Net blitz qual4"]
[Site "Playchess.com INT"]
[Date "2020.03.23"]
[Round "4"]
[White "Homfeldt, Christopher"]
[Black "Lu, Trung Cang"]
[Result "0-1"]
[WhiteElo "1824"]
[BlackElo "1819"]
[PlyCount "22"]
[EventDate "2020.03.23"]
[EventType "swiss (blitz)"]
[EventRounds "9"]
[EventCountry "GER"]
[SourceTitle "CBM 195 Extra"]
[Source "ChessBase"]
[SourceDate "2020.05.31"]
[SourceVersion "1"]
[SourceVersionDate "2020.05.31"]
[SourceQuality "1"]

1. d4 Nf6 2. c4 g6 3. Nf3 Bg7 4. g3 0-0 5. Bg2 d5 6. cxd5 Nxd5 7. 0-0 Nc6 8. Nc3 Nb6 9. d5 Na5 10. e4 c6 11. Qa4 Nxa4 0-1

[Event "GER-ch Net blitz qual4"]
[Site "Playchess.com INT"]
[Date "2020.03.23"]
[Round "6"]
[White "Lu, Trung Cang"]
[Black "Boder, Jan"]
[Result "1-0"]
[WhiteElo "1819"]
[BlackElo "2103"]
[PlyCount "40"]
[EventDate "2020.03.23"]
[EventType "swiss (blitz)"]
[EventRounds "9"]
[EventCountry "GER"]
[SourceTitle "CBM 195 Extra"]
[Source "ChessBase"]
[SourceDate "2020.05.31"]
[SourceVersion "1"]
[SourceVersionDate "2020.05.31"]
[SourceQuality "1"]

1. e4 c5 2. Nf3 g6 3. d4 cxd4 4. Qxd4 Nf6 5. e5 Nc6 6. Qa4 Nd5 7. Qe4 Nb6 8. Nc3 Bg7 9. Bf4 0-0 10. 0-0-0 f6 11. e6 d6 12. h4 f5 13. Qe3 Nc4 14. Bxc4 Qa5 15. h5 b5 16. Bb3 b4 17. Nd5 Bxb2+ 18. Kxb2 Qa3+ 19. Kb1 Na5 20. Nxe7+ Kg7 1-0

[Event "GER-ch Net blitz qual4"]
[Site "Playchess.com INT"]
[Date "2020.03.23"]
[Round "1"]
[White "Lu, Trung Cang"]
[Black "Haubold, Sebastian Marcel"]
[Result "1-0"]
[WhiteElo "1819"]
[BlackElo "1800"]
[PlyCount "139"]
[EventDate "2020.03.23"]
[EventType "swiss (blitz)"]
[EventRounds "9"]
[EventCountry "GER"]
[SourceTitle "CBM 195 Extra"]
[Source "ChessBase"]
[SourceDate "2020.05.31"]
[SourceVersion "1"]
[SourceVersionDate "2020.05.31"]
[SourceQuality "1"]

1. e4 e5 2. Nf3 Nc6 3. d4 exd4 4. Bc4 Bc5 5. c3 Nf6 6. e5 d5 7. Bb5 Ne4 8. cxd4 Bb6 9. Nc3 Ba5 10. Qb3 0-0 11. Be3 a6 12. Bxc6 bxc6 13. 0-0 Bf5 14. Rac1 Rb8 15. Qa4 Bxc3 16. bxc3 Rb6 17. c4 dxc4 18. Rxc4 Be6 19. Rxc6 Bd7 20. Rfc1 Qe8 21. d5 Bxc6 22. Qxe4 Rb2 23. dxc6 Rxa2 24. Bc5 Qb8 25. Bxf8 Kxf8 26. e6 Qb2 27. Rf1 Ra1 28. e7+ Ke8 29. Rxa1 Qxa1+ 30. Qe1 Qxe1+ 31. Nxe1 Kxe7 32. Nd3 Kd6 33. Nb4 a5 34. Nc2 Kxc6 35. Kf1 Kb6 36. Ke2 c5 37. Kd3 Kb5 38. Kc3 a4 39. Na3+ Kc6 40. Kc4 f5 41. f4 h6 42. g3 g5 43. fxg5 hxg5 44. h4 f4 45. gxf4 gxf4 46. h5 f3 47. Nc2 a3 48. Kb3 Kd5 49. h6 Ke4 50. h7 Kd3 51. h8Q c4+ 52. Ka2 Kxc2 53. Qh2+ Kd3 54. Qf2 Ke4 55. Kxa3 Kf4 56. Kb2 Ke4 57. Kc3 Kf4 58. Kxc4 Ke4 59. Kc3 Kf4 60. Kd3 Kg4 61. Ke3 Kg5 62. Qxf3 Kg6 63. Ke4 Kg5 64. Ke5 Kg6 65. Qg4+ Kf7 66. Qh5+ Kg7 67. Ke6 Kg8 68. Kf6 Kf8 69. Qh7 Ke8 70. Qe7# 1-0

[Event "GER-ch Net blitz qual4"]
[Site "Playchess.com INT"]
[Date "2020.03.23"]
[Round "3"]
[White "Lu, Trung Cang"]
[Black "Johann, Gregor"]
[Result "1-0"]
[WhiteElo "1819"]
[BlackElo "2003"]
[PlyCount "35"]
[EventDate "2020.03.23"]
[EventType "swiss (blitz)"]
[EventRounds "9"]
[EventCountry "GER"]
[SourceTitle "CBM 195 Extra"]
[Source "ChessBase"]
[SourceDate "2020.05.31"]
[SourceVersion "1"]
[SourceVersionDate "2020.05.31"]
[SourceQuality "1"]

1. e4 e6 2. d4 d5 3. Nd2 Nf6 4. e5 Ne4 5. Nxe4 dxe4 6. Bc4 a6 7. Ne2 b5 8. Bb3 Bb7 9. 0-0 Be7 10. c3 0-0 11. Ng3 c5 12. Qg4 cxd4 13. Bh6 g6 14. Bxf8 Bxf8 15. Nxe4 Bg7 16. cxd4 Nc6 17. Nd6 Rb8 18. Bxe6 1-0

[Event "GER-ch Net blitz qual4"]
[Site "Playchess.com INT"]
[Date "2020.03.23"]
[Round "9"]
[White "Lu, Trung Cang"]
[Black "Wiemer, Peter"]
[Result "1-0"]
[WhiteElo "1819"]
[BlackElo "2185"]
[PlyCount "33"]
[EventDate "2020.03.23"]
[EventType "swiss (blitz)"]
[EventRounds "9"]
[EventCountry "GER"]
[SourceTitle "CBM 195 Extra"]
[Source "ChessBase"]
[SourceDate "2020.05.31"]
[SourceVersion "1"]
[SourceVersionDate "2020.05.31"]
[SourceQuality "1"]

1. e4 e6 2. d4 d5 3. Nd2 c5 4. exd5 Qxd5 5. Ngf3 cxd4 6. Bc4 Qd6 7. 0-0 Nf6 8. Nb3 Nc6 9. Nbxd4 Nxd4 10. Nxd4 a6 11. Re1 Bd7 12. Bg5 Qc7 13. Qe2 Bd6 14. Bxe6 fxe6 15. Nxe6 Kf7 16. Nxc7 Bxc7 17. Qc4+ 1-0

[Event "GER-ch Net blitz qual4"]
[Site "Playchess.com INT"]
[Date "2020.03.23"]
[Round "7"]
[White "Stein, Robert"]
[Black "Lu, Trung Cang"]
[Result "1-0"]
[WhiteElo "2325"]
[BlackElo "1819"]
[PlyCount "29"]
[EventDate "2020.03.23"]
[EventType "swiss (blitz)"]
[EventRounds "9"]
[EventCountry "GER"]
[SourceTitle "CBM 195 Extra"]
[Source "ChessBase"]
[SourceDate "2020.05.31"]
[SourceVersion "1"]
[SourceVersionDate "2020.05.31"]
[SourceQuality "1"]

1. d4 Nf6 2. c4 g6 3. g3 Bg7 4. Bg2 d5 5. cxd5 Nxd5 6. Nf3 0-0 7. 0-0 Nc6 8. e4 Nb6 9. d5 Na5 10. Qe1 Nac4 11. Nc3 e6 12. Qe2 exd5 13. Nxd5 Be6 14. Rd1 Qc8 15. Ne7+ 1-0

[Event "GER-ch Net blitz qual3"]
[Site "Playchess.com INT"]
[Date "2020.03.21"]
[Round "9"]
[White "Lu, Trung Cang"]
[Black "Hartmann, Wolfgang"]
[Result "1/2-1/2"]
[WhiteElo "1819"]
[BlackElo "2222"]
[PlyCount "75"]
[EventDate "2020.03.21"]
[EventType "swiss (blitz)"]
[EventRounds "9"]
[EventCountry "GER"]
[SourceTitle "CBM 195 Extra"]
[Source "ChessBase"]
[SourceDate "2020.05.31"]
[SourceVersion "1"]
[SourceVersionDate "2020.05.31"]
[SourceQuality "1"]

1. e4 c5 2. Nf3 Nc6 3. b4 cxb4 4. d4 d5 5. exd5 Qxd5 6. c4 Qd8 7. d5 Nb8 8. Bb2 e6 9. a3 Nf6 10. Qb3 a5 11. axb4 Bxb4+ 12. Nc3 exd5 13. cxd5 0-0 14. Be2 Nxd5 15. 0-0 Be6 16. Bc4 Nxc3 17. Bxc3 Bxc4 18. Qxc4 Bxc3 19. Qxc3 Nc6 20. Rfd1 Qc7 21. h3 h6 22. Nd4 Qe5 23. f4 Qxf4 24. Rd3 Rac8 25. Qb2 Nxd4 26. Rxd4 Qe3+ 27. Kh1 Rcd8 28. Rg4 g6 29. Qxb7 Qc3 30. Rf1 Rd4 31. Rf3 Qe1+ 32. Kh2 Qe5+ 33. Kg1 Rxg4 34. hxg4 Qe1+ 35. Kh2 Qe5+ 36. Kg1 Qe1+ 37. Kh2 Qe5+ 38. Kg1 1/2-1/2

[Event "GER-ch Net blitz qual2"]
[Site "Playchess.com INT"]
[Date "2020.03.16"]
[Round "4"]
[White "Hansch, Stephan"]
[Black "Lu, Trung Cang"]
[Result "1-0"]
[WhiteElo "2149"]
[BlackElo "1819"]
[PlyCount "109"]
[EventDate "2020.03.16"]
[EventType "swiss (blitz)"]
[EventRounds "9"]
[EventCountry "GER"]
[SourceTitle "CBM 195 Extra"]
[Source "ChessBase"]
[SourceDate "2020.05.31"]
[SourceVersion "1"]
[SourceVersionDate "2020.05.31"]
[SourceQuality "1"]

1. d4 Nf6 2. c4 g6 3. Nc3 d5 4. Nf3 Bg7 5. e3 0-0 6. Qb3 e6 7. Bd2 b6 8. Bd3 Bb7 9. 0-0 Nc6 10. Nb5 a6 11. Na3 Re8 12. Rac1 Rc8 13. cxd5 exd5 14. Nc2 Ne4 15. Nb4 Na5 16. Qd1 Ra8 17. b3 Qe7 18. Nc2 Nc6 19. a3 Rac8 20. Nb4 Nxb4 21. axb4 h6 22. Ra1 Ra8 23. Qe2 b5 24. Rfc1 c6 25. Be1 Kh7 26. Nd2 f5 27. Nf1 Nd6 28. Ra2 Ne4 29. f3 Nd6 30. Bg3 Nf7 31. h3 Qxb4 32. Qc2 Qe7 33. Bh2 Rac8 34. g4 c5 35. gxf5 gxf5 36. Bxf5+ Kg8 37. Qg2 Rc6 38. dxc5 Rxc5 39. Rxc5 Qxc5 40. Re2 Ng5 41. h4 Nf7 42. Qg6 Kf8 43. Bf4 Qc6 44. Qxc6 Bxc6 45. Rc2 Ba8 46. Rc7 Be5 47. Bxe5 Nxe5 48. Kf2 Re7 49. Rc8+ Re8 50. Rc7 Re7 51. Rc5 Nd3+ 52. Bxd3 d4 53. e4 Rf7 54. Ng3 Kg7 55. Nf5+ 1-0

[Event "GER-ch Net blitz qual2"]
[Site "Playchess.com INT"]
[Date "2020.03.16"]
[Round "2"]
[White "Lu, Trung Cang"]
[Black "Brandt, Marc"]
[Result "1-0"]
[WhiteElo "1819"]
[BlackElo "1477"]
[PlyCount "37"]
[EventDate "2020.03.16"]
[EventType "swiss (blitz)"]
[EventRounds "9"]
[EventCountry "GER"]
[SourceTitle "CBM 195 Extra"]
[Source "ChessBase"]
[SourceDate "2020.05.31"]
[SourceVersion "1"]
[SourceVersionDate "2020.05.31"]
[SourceQuality "1"]

1. e4 d6 2. d4 Nf6 3. Nc3 Nbd7 4. g4 e5 5. g5 Ng8 6. Nf3 Be7 7. h4 c6 8. Be3 Qc7 9. Qd2 Nf8 10. a4 a5 11. Bc4 Ne6 12. d5 Nd8 13. 0-0-0 c5 14. Nb5 Qb6 15. Nxe5 dxe5 16. d6 Bf8 17. d7+ Ke7 18. dxc8Q Rxc8 19. Qd7# 1-0

[Event "GER-ch Net blitz qual2"]
[Site "Playchess.com INT"]
[Date "2020.03.16"]
[Round "9"]
[White "Lu, Trung Cang"]
[Black "Frischmann, Rick"]
[Result "0-1"]
[WhiteElo "1819"]
[BlackElo "2335"]
[PlyCount "80"]
[EventDate "2020.03.16"]
[EventType "swiss (blitz)"]
[EventRounds "9"]
[EventCountry "GER"]
[SourceTitle "CBM 195 Extra"]
[Source "ChessBase"]
[SourceDate "2020.05.31"]
[SourceVersion "1"]
[SourceVersionDate "2020.05.31"]
[SourceQuality "1"]

1. e4 c6 2. d4 d5 3. exd5 cxd5 4. c4 Nf6 5. Nc3 Nc6 6. Bg5 g6 7. Bxf6 exf6 8. cxd5 Nb4 9. Bc4 Bf5 10. Rc1 Rc8 11. Bb5+ Bd7 12. Qe2+ Qe7 13. Bxd7+ Kxd7 14. Qxe7+ Bxe7 15. Kd2 Bf8 16. Nge2 Bh6+ 17. f4 Rhe8 18. a3 Na6 19. Kd3 Re7 20. Ne4 Rxc1 21. Rxc1 Bg7 22. Nc5+ Nxc5+ 23. dxc5 f5 24. Nc3 Bh6 25. g3 g5 26. d6 Re6 27. Rf1 gxf4 28. gxf4 Rg6 29. Rf2 Rg1 30. Kc2 Bg7 31. Nd5 Bd4 32. Rd2 Bxc5 33. Nc3 a6 34. Nd5 Bxd6 35. Ne3 Kc6 36. Nxf5 Bxf4 37. Nd4+ Kb6 38. Rd3 Rg2+ 39. Kc3 Rxh2 40. Rf3 Be5 0-1